00364 2200157 4500001002100000005001500021035002000036245002600056100000800082300002600090260003400116082000800150084001400158020002200172990001200194INLIS00000000000296520250917021114 a0010-09250003121 aCinta Metrosex /cKey0 aKey a236 hlm ;c13 x 19 cm aJakarta :bStory House,c2013 a813 a813 KEY c a978-602-1588-00-0 a0755668